LEADER 01007nam a2200277 i 4500 001 991000016239707536 005 20020509160541.0 008 000504s1995 it ||| | ita 020 $a8880570080 035 $ab11293639-39ule_inst 035 $aPARLA199710$9ExL 040 $aDip.to Scienze Storiche Fil. e Geogr.$bita 082 0 $a892.435 100 1 $aAgnon, Samuel Joseph$0440624 245 10$aRacconti di Kippur /$cShemuel Y. Agnon ; postfazione, traduzione e note di Emanuela Trevisan Semi 260 $aFirenze :$bGiuntina,$c1995 300 $a122 p. ;$c20 cm. 490 0 $aCollana Schulim Vogelmann ;$v52 650 4$aKippur - Racconti 700 1 $aTrevisan Semi, Emanuela 907 $a.b11293639$b23-02-17$c01-07-02 912 $a991000016239707536 945 $aLE009 Stor. 79.1-573$g1$i2009000019072$lle009$o-$pE0.00$q-$rl$s- $t0$u2$v2$w2$x0$y.i1146012x$z01-07-02 996 $aRacconti di Kippur$9153079 997 $aUNISALENTO 998 $ale009$b01-01-00$cm$da $e-$fita$git $h0$i1 LEADER 00697nam a2200181Ia 4500 001 991000192969707536 008 220516s9999||||xx |||||||||||||| ||und|| 035 $ab14439621-39ule_inst 040 $aBibl. Dip.le Aggr. Beni Culturali - Sez. Beni Culturali$bita 100 $aSalmi, Mario$0318922 245 0$aAndrea del Castagno /$cMario Salmi 260 $aNovara :$bIstituto Geografico De Agostini,$c1961 907 $a.b14439621$b19-05-22$c19-05-22 912 $a991000192969707536 945 $aLE001 Fondo Ricci 0233$g0$lle001$o $pE17.57$q $rn$so $t0$u0$v0$w0$x0$y.i16012677$z19-05-22 996 $aAndrea del Castagno$9267160 997 $aUNISALENTO 998 $ale001$b19-05-22$cm$da $e-$fund$gxx $h0$i1 LEADER 00916nam0 22002651i 450 001 RML0298543 005 20231121125741.0 010 $a8814115141 100 $a20121121d2005 ||||0itac50 ba 101 | $aita 102 $ait 181 1$6z01$ai $bxxxe 182 1$6z01$an 200 1 $aDiritto tributario$eParte speciale$fRaffaello Falsitta 210 $aMilano $cGiuffrè $d©2005 215 $a360 p.$d24 cm. 700 1$aLUPI$b, Raffaello$3RMLV149903$0132980 801 3$aIT$bIT-01$c20121121 850 $aIT-FR0098 899 $aBiblioteca Area Giuridico Economica$bFR0098 912 $aRML0298543 950 0$aBiblioteca Area Giuridico Economica$d 53DSG 17/119$e 53VM 0000683955 VM barcode:GIU0007461. - Inventario:13925. - Fondo:Sala consultazioneVM$fA $h20070418$i20121204 977 $a 53 996 $aDiritto tributario$937706 997 $aUNICAS